Why is snot green? / (Record no. 4121)
[ view plain ]
| 000 -LEADER | |
|---|---|
| fixed length control field | 01137nam a22002657a 4500 |
| 001 - CONTROL NUMBER | |
| control field | 4121 |
| 003 - CONTROL NUMBER IDENTIFIER | |
| control field | FISKH |
| 005 - DATE AND TIME OF LATEST TRANSACTION | |
| control field | 20241101120056.0 |
| 008 - FIXED-LENGTH DATA ELEMENTS--GENERAL INFORMATION | |
| fixed length control field | 240607b cb ||||| |||| 00| 0 eng d |
| 020 ## - INTERNATIONAL STANDARD BOOK NUMBER | |
| International Standard Book Number | 9780545248419 |
| 040 ## - CATALOGING SOURCE | |
| Original cataloging agency | FISKH |
| Language of cataloging | eng |
| Transcribing agency | FISKH |
| Modifying agency | FISKH |
| 050 ## - LIBRARY OF CONGRESS CALL NUMBER | |
| Classification number | Q163.M975 |
| 082 ## - DEWEY DECIMAL CLASSIFICATION NUMBER | |
| Classification number | 502 |
| 100 ## - MAIN ENTRY--PERSONAL NAME | |
| Personal name | Murphy Glenn |
| Dates associated with a name | 1957- |
| 245 ## - TITLE STATEMENT | |
| Title | Why is snot green? / |
| Statement of responsibility, etc. | Glenn Murphy |
| 260 ## - PUBLICATION, DISTRIBUTION, ETC. | |
| Place of publication, distribution, etc. | New York : |
| Name of publisher, distributor, etc. | Scholastic, |
| Date of publication, distribution, etc. | 2010 |
| 300 ## - PHYSICAL DESCRIPTION | |
| Extent | 236 pages : |
| Other physical details | illustrations, |
| Dimensions | 20 cm |
| 505 ## - FORMATTED CONTENTS NOTE | |
| Formatted contents note | U<br/> |
| 520 ## - SUMMARY, ETC. | |
| Summary, etc. | Sure a lot of kids want to grow up to be astronauts, but according to scientist Glenn Murphy, even MORE kids want to know what happens to astronaut farts. (Short answer: Not good things!) And they want to know: Why don't all fish die from lightening storms? Why haven't we all been sucked into a black hole? Do animals talk? Told in a back-and-forth conversational style, "Why is Snot Green?" presents science just the way kids want to learn it--with lots of laughter.<br/> |
| 521 8# - TARGET AUDIENCE NOTE | |
| Target audience note | 970<br/> |
| Source | Lexile<br/> |
| 521 8# - TARGET AUDIENCE NOTE | |
| Target audience note | U<br/> |
| Source | Raz-Plus<br/> |
| 700 ## - ADDED ENTRY--PERSONAL NAME | |
| Personal name | Glenn Murphy |
| 942 ## - ADDED ENTRY ELEMENTS (KOHA) | |
| Source of classification or shelving scheme | Dewey Decimal Classification |
| Koha item type | Books |
| Suppress in OPAC | No |
| Withdrawn status | Lost status | Source of classification or shelving scheme | Damaged status | Not for loan | Collection | Home library | Current library | Shelving location | Date acquired | Total Checkouts | Full call number | Barcode | Date last seen | Copy number | Price effective from | Koha item type |
|---|---|---|---|---|---|---|---|---|---|---|---|---|---|---|---|---|
| Dewey Decimal Classification | Non-Fiction | Footprints International School Library Network Toul Kork Campus | Footprints International School Library Network Toul Kork Campus | TTP Secondary Non-Fiction Bookshelves | 06/07/2024 | MUR Q163.M975 502 | 2024-0842 | 06/07/2024 | 1 | 06/07/2024 | Books | |||||
| Dewey Decimal Classification | Non-Fiction | Footprints International School Library Network Toul Kork Campus | Footprints International School Library Network Toul Kork Campus | TTP Secondary Non-Fiction Bookshelves | 06/07/2024 | MUR Q163.M975 502 | FIS05363 | 11/01/2024 | 2 | 06/07/2024 | Books |
